| 000 | 00498nam a2200193Ia 4500 | ||
|---|---|---|---|
| 001 | 64625 | ||
| 008 | 210806n ii |||gr||||Z||||||465 | ||
| 020 | _a81-7450-566-0 | ||
| 082 | _a530 | ||
| 110 | _aNCERT. | ||
| 245 | 0 |
_aPhysics Part 11 Textbook for Class X1 _cNCERT _hTextual Documents |
|
| 250 | _aFirst. | ||
| 260 |
_aNew Delhi _bNCERT _c2006. |
||
| 300 |
_a410pg: _c36cm. |
||
| 653 | _aPhysics | ||
| 653 | _aPhysics Part 11 Textbook for Class X1 | ||
| 653 | _aG-Physics | ||
| 942 |
_2ddc _cBK |
||
| 999 |
_c65725 _d65725 |
||